00431nam a22001577a 4500082002600000100001700026245002800043250000800071260003900079300001600118526003700134526004000171526003700211650000800248700001700256 a531.12bMERcL-5, P-9 aMeriam J. L. aMechanicscJ. L. Meriam a2nd aUSAbJohn Wiley & Sons, Inc.c1959 axvi, 413.p: a0b0c0d531_120000000000000_MER a0b0c0d620_000000000000000_103MER a0b0c0d620_103000000000000_MER aMCE aJ. L. Meriam